[Event "IECG CP.2000.S.00001 email"]
[Site "IECG email"]
[Date "2002.10.01"]
[Round "?"]
[White "Ibar, Marcelo Rodolfo"]
[Black "Mackie, John Joseph"]
[Result "1/2-1/2"]
[WhiteElo "2329"]
[BlackElo "1941"]
[PlyCount "97"]
[EventDate "2002.10.01"]
[EventType "tourn (corr)"]
[EventRounds "6"]
[EventCountry "NED"]
[SourceTitle "Corr 2008"]
[Source "ChessBase"]
[SourceDate "2008.06.24"]
[SourceVersion "1"]
[SourceVersionDate "2008.06.24"]
[SourceQuality "1"]

1. e4 c5 2. Nf3 d6 3. d4 cxd4 4. Nxd4 Nf6 5. Nc3 a6 6. Bg5 e6 7. f4 Qc7 8. Qf3 Nbd7 9. 0-0-0 h6 10. Bh4 b5 11. Bxb5 axb5 12. Ndxb5 Qb8 13. e5 Bb7 14. Qe2 dxe5 15. fxe5 Nd5 16. Nxd5 Bxd5 17. Rxd5 exd5 18. e6 Qf4+ 19. Kb1 Qxh4 20. exd7+ Kxd7 21. Rd1 Bc5 22. g3 Qa4 23. Rxd5+ Kc6 24. Nc3 Qa5 25. Qf3 Kb6 26. a3 Rhb8 27. Qxf7 Rb7 28. Qf5 Ra6 29. Kc1 Rc7 30. Kd1 Kb7 31. Ne4 Ka7 32. Rxc5 Rxc5 33. Qxc5+ Qxc5 34. Nxc5 Ra5 35. Ne4 Rh5 36. h4 Re5 37. Nc3 Re3 38. Ne2 Kb6 39. Kd2 Rf3 40. a4 Ka5 41. b3 g6 42. Ke1 g5 43. hxg5 hxg5 44. Kd2 Kb4 45. c3+ Ka5 46. g4 Ka6 47. Ke1 Ka5 48. Kd2 Ka6 49. Ke1 1/2-1/2

[Event "IECG CP.2000.S.00001 email"]
[Site "IECG email"]
[Date "2002.10.01"]
[Round "?"]
[White "Mackie, John Joseph"]
[Black "Balcazar Novoa, Luis Marcos"]
[Result "1/2-1/2"]
[WhiteElo "1941"]
[BlackElo "2132"]
[PlyCount "61"]
[EventDate "2002.10.01"]
[EventType "tourn (corr)"]
[EventRounds "6"]
[EventCountry "NED"]
[SourceTitle "Corr 2008"]
[Source "ChessBase"]
[SourceDate "2008.06.24"]
[SourceVersion "1"]
[SourceVersionDate "2008.06.24"]
[SourceQuality "1"]

1. d4 Nf6 2. c4 g6 3. Nc3 d5 4. cxd5 Nxd5 5. e4 Nxc3 6. bxc3 Bg7 7. Bc4 c5 8. Ne2 0-0 9. Be3 Nc6 10. 0-0 Qc7 11. Rc1 Rd8 12. Bf4 Qd7 13. d5 Na5 14. Bd3 e5 15. Bg5 Re8 16. Rb1 c4 17. Bc2 Qd6 18. Be3 b6 19. f3 f5 20. exf5 gxf5 21. Ng3 Rf8 22. Bc1 Bd7 23. Re1 Nb7 24. Qd2 Rae8 25. Qg5 Qg6 26. Nh5 Qxg5 27. Bxg5 Bh8 28. Bd2 Nc5 29. Ng3 Nd3 30. Bxd3 cxd3 31. Kf2 1/2-1/2

[Event "SCCA Bulletin jub21 corr"]
[Site "Scotland"]
[Date "2001.06.01"]
[Round "?"]
[White "Mackie, John Joseph"]
[Black "Beecham, C Richard"]
[Result "1/2-1/2"]
[WhiteElo "2228"]
[BlackElo "2246"]
[PlyCount "61"]
[EventDate "2001.??.??"]
[EventType "tourn (corr)"]
[EventRounds "13"]
[EventCountry "SCO"]
[SourceTitle "Corr 2002"]
[Source "ChessBase"]
[SourceDate "2002.05.23"]
[SourceVersion "1"]
[SourceVersionDate "2002.05.23"]
[SourceQuality "1"]

1. d4 Nf6 2. c4 g6 3. Nc3 d5 4. cxd5 Nxd5 5. e4 Nxc3 6. bxc3 Bg7 7. Bc4 0-0 8. Ne2 Qd7 9. 0-0 b5 10. Bd3 c5 11. Rb1 a6 12. d5 Qd6 13. Bf4 e5 14. Be3 f5 15. f3 f4 16. Bf2 c4 17. Bc2 g5 18. g4 Rf7 19. Kg2 h5 20. h3 hxg4 21. hxg4 Nd7 22. Rh1 Nf6 23. Ng1 Qa3 24. Nh3 Nh7 25. Qd2 Rf6 26. Bd1 Rh6 27. Be2 Bd7 28. Qb2 Qxb2 29. Rxb2 Bf8 30. Rbb1 Ba3 31. Rhd1 1/2-1/2

[Event "SCCA Bulletin jub21 corr"]
[Site "Scotland"]
[Date "2001.??.??"]
[Round "?"]
[White "Mackie, John Joseph"]
[Black "Campbell, J Franklin"]
[Result "1-0"]
[WhiteElo "2228"]
[BlackElo "2204"]
[PlyCount "75"]
[EventDate "2001.??.??"]
[EventType "tourn (corr)"]
[EventRounds "13"]
[EventCountry "SCO"]
[SourceTitle "Corr 2002"]
[Source "ChessBase"]
[SourceDate "2002.05.23"]
[SourceVersion "1"]
[SourceVersionDate "2002.05.23"]
[SourceQuality "1"]

1. d4 Nf6 2. c4 e6 3. Nc3 Bb4 4. Qc2 0-0 5. a3 Bxc3+ 6. bxc3 c5 7. e4 cxd4 8. e5 Ne8 9. cxd4 Nc6 10. Nf3 d6 11. Bd2 f5 12. Rd1 dxe5 13. dxe5 Qc7 14. Qc3 Bd7 15. Bd3 Rc8 16. 0-0 g6 17. Rfe1 Ng7 18. Bh6 Rf7 19. Ng5 Re7 20. Rc1 Qa5 21. Qb2 Rd8 22. c5 Bc8 23. Bc4 Kh8 24. Nf3 Red7 25. Bg5 Re8 26. Bf6 a6 27. Qa2 Kg8 28. Bg5 Nd4 29. Nd2 Rf8 30. Nb3 Nxb3 31. Bxb3 Rd4 32. Qb2 Rd7 33. g3 Qb5 34. Rc4 Qa5 35. Rec1 Rc7 36. Bd2 Qb5 37. Qc3 Qe8 38. Rd4 1-0

[Event "SCCA Bulletin jub21 corr"]
[Site "Scotland"]
[Date "2001.??.??"]
[Round "?"]
[White "Mackie, John Joseph"]
[Black "Greiner, Theodore J"]
[Result "1/2-1/2"]
[WhiteElo "2228"]
[BlackElo "2271"]
[PlyCount "71"]
[EventDate "2001.??.??"]
[EventType "tourn (corr)"]
[EventRounds "13"]
[EventCountry "SCO"]
[SourceTitle "Corr 2002"]
[Source "ChessBase"]
[SourceDate "2002.05.23"]
[SourceVersion "1"]
[SourceVersionDate "2002.05.23"]
[SourceQuality "1"]

1. d4 Nf6 2. c4 g6 3. Nc3 d5 4. cxd5 Nxd5 5. e4 Nxc3 6. bxc3 c5 7. Bc4 Bg7 8. Ne2 0-0 9. Be3 Nc6 10. 0-0 Bg4 11. f3 Na5 12. Bxf7+ Rxf7 13. fxg4 Rxf1+ 14. Kxf1 cxd4 15. cxd4 e5 16. d5 Nc4 17. Qb3 Nxe3+ 18. Qxe3 Qh4 19. Kg1 Qxg4 20. h3 Qd7 21. Rc1 Bf8 22. Kh1 Bd6 23. Qg5 Rc8 24. Rxc8+ Qxc8 25. Qf6 Qf8 26. Qxf8+ Kxf8 27. Kg1 b5 28. Nc3 a6 29. Kf1 Ke7 30. Ke2 Bb4 31. Nd1 Bc5 32. Kd3 Kd6 33. Kc3 a5 34. Kc2 Bd4 35. Nc3 Bxc3 36. Kxc3 1/2-1/2

[Event "SCCA Bulletin jub21 corr"]
[Site "Scotland"]
[Date "2001.??.??"]
[Round "?"]
[White "Mackie, John Joseph"]
[Black "Pyrich, George D"]
[Result "0-1"]
[WhiteElo "2228"]
[BlackElo "2397"]
[PlyCount "112"]
[EventDate "2001.??.??"]
[EventType "tourn (corr)"]
[EventRounds "13"]
[EventCountry "SCO"]
[SourceTitle "Corr 2002"]
[Source "ChessBase"]
[SourceDate "2002.05.23"]
[SourceVersion "1"]
[SourceVersionDate "2002.05.23"]
[SourceQuality "1"]

1. d4 d5 2. c4 dxc4 3. e4 Nc6 4. Be3 Nf6 5. Nc3 e5 6. d5 Na5 7. Nf3 Bd6 8. Qa4+ Bd7 9. Qxa5 a6 10. Na4 Qe7 11. a3 Nxe4 12. Rc1 f5 13. Bxc4 b5 14. Bd3 bxa4 15. Bxe4 fxe4 16. Ng5 0-0 17. Nxe4 Rab8 18. Nxd6 cxd6 19. 0-0 Rxb2 20. Rc7 Qd8 21. Rfc1 Bb5 22. Qb6 h6 23. h3 Qf6 24. Ra7 Qg6 25. Rcc7 Rb1+ 26. Kh2 Bd7 27. Qxb1 Qxb1 28. Rxd7 Qg6 29. Rxa6 Rf6 30. Rxa4 Qd3 31. Ra5 Qf1 32. Ra8+ Kh7 33. Rad8 Rg6 34. g3 Rf6 35. Rxd6 Rxf2+ 36. Bxf2 Qxf2+ 37. Kh1 Qxg3 38. Re6 Qxh3+ 39. Kg1 Qg3+ 40. Kf1 Qxa3 41. Rd7 h5 42. Rde7 Qf3+ 43. Kg1 Qxd5 44. Rxe5 Qd4+ 45. Kg2 Qg4+ 46. Kh2 h4 47. Re3 Kg6 48. R7e4 Qd7 49. Re1 Kf5 50. Re5+ Kf6 51. R5e2 g5 52. Rf2+ Kg6 53. Rg2 Qd6+ 54. Kh1 h3 55. Rg4 Qd5+ 56. Ree4 Kf5 0-1